5HLuxD.jpg

KING HENRY VIII SENIOR AND PRIMARY SCHOOL LIBRARY OPAC

Mr. Clever / (Record no. 2485)

000 -LEADER
fixed length control field 00600nam a2200217 a 4500
001 - CONTROL NUMBER
control field 010864204
003 - CONTROL NUMBER IDENTIFIER
control field UkOxU
005 - DATE AND TIME OF LATEST TRANSACTION
control field 20230612083435.0
008 - FIXED-LENGTH DATA ELEMENTS--GENERAL INFORMATION
fixed length control field 931008r19911978enka j 000 1 eng d
020 ## - INTERNATIONAL STANDARD BOOK NUMBER
International Standard Book Number 0749800372
040 ## - CATALOGING SOURCE
Transcribing agency KH8
082 ## - DEWEY DECIMAL CLASSIFICATION NUMBER
Classification number 823.914 HAR
100 1# - MAIN ENTRY--PERSONAL NAME
Personal name Hargreaves, Roger,
Dates associated with a name 1935-1988.
Relator term author
245 10 - TITLE STATEMENT
Title Mr. Clever /
Statement of responsibility, etc. by Roger Hargreaves.
260 ## - PUBLICATION, DISTRIBUTION, ETC.
Place of publication, distribution, etc. Manchester :
Name of publisher, distributor, etc. World International,
Date of publication, distribution, etc. 1991.
300 ## - PHYSICAL DESCRIPTION
Extent [36] p. :
Other physical details col. ill. ;
Dimensions 13 x 15 cm.
490 1# - SERIES STATEMENT
Series statement Mr. Men classic ;
Volume/sequential designation 37
650 ## - SUBJECT ADDED ENTRY--TOPICAL TERM
Topical term or geographic name entry element children's story
830 #0 - SERIES ADDED ENTRY--UNIFORM TITLE
Uniform title Mr. Men classic ;
Volume/sequential designation 37
942 ## - ADDED ENTRY ELEMENTS (KOHA)
Source of classification or shelving scheme
Koha item type Books - Fiction
Holdings
Withdrawn status Lost status Source of classification or shelving scheme Damaged status Not for loan Collection code Permanent Location Current Location Shelving location Date acquired Full call number Barcode Date last seen Price effective from Koha item type
          Fiction KH8 Primary School Library KH8 Primary School Library Non Fiction 2023-06-12 823.914 HAR KHPL000004240 2025-12-05 2023-06-12 Books - Fiction

Powered By KH8 IT Dept